Kep1er all songs(August2025 update) - Statistics

General Stats
  • This quiz has been taken 116 times
    35 since last reset
  • The average score is 31 of 56
Answer Stats
Hint Answer % Correct
Kep1going On Shooting Star
100%
DOUBLAST Up!
100%
FIRST IMPACT WA DA DA
100%
BUBBLE GUM BUBBLE GUM
94%
Magic Hour Galileo
94%
TIPI-TAP TIPI-TAP
94%
TROUBLESHOOTER We Fresh
94%
LOVESTRUCK! Giddy
82%
FIRST IMPACT MVSK
82%
DOUBLAST Le Voya9e
76%
FIRST IMPACT O.O.O (Over&
Over&Over)
76%
FLY-UP Wing Wing
76%
LOVESTRUCK! Back to the City
71%
LOVESTRUCK! LVLY
71%
FIRST IMPACT See The Light
71%
Kep1going Straight Line
71%
AGAINST THE WORLD Yum
71%
FIRST IMPACT Another Dream
65%
FLY-UP Daisy
65%
LOVESTRUCK! Happy Ending
65%
Kep1going On Last Carnival
65%
Kep1going Highlight
59%
FLY-BY I do! Do you?
59%
FLY-BY tOgether fOrever
59%
Kep1going Cruise
53%
FLY-HIGH Grand Prix
53%
TIPI-TAP sync-love
53%
LOVESTRUCK! Why
53%
Kep1going Celebrate
47%
BUBBLE GUM Don't Be Dumb
47%
BUBBLE GUM Ice Tea
47%
DOUBLAST Rewind
47%
FIRST IMPACT Shine
47%
Magic Hour Tape
47%
Magic Hour Tropical Light
47%
DOUBLAST Attention
41%
TIPI-TAP Bitter Taste
41%
Kep1going On Dear Diary
41%
Kep1going On Double Up!
41%
TROUBLESHOOTER Downtown
41%
AGAINST THE WORLD Hell or Heaven
41%
TROUBLESHOOTER Lion Tamer
41%
FLY-HIGH Sugar
41%
Magic Hour The Door
41%
Kep1going Don't Lose Your Smile
35%
TROUBLESHOOTER Dreams
35%
Magic Hour Love on Lock
35%
Kep1going On Problem
35%
Kep1going On Curious
29%
TIPI-TAP Drip
29%
Kep1going On Flowers, Flutter, Your Heart
29%
DOUBLAST Good Night
29%
Kep1going On Push button
29%
BUBBLE GUM Taste Better
29%
TIPI-TAP Heart Surf
24%
TROUBLE SHOOTER THE GIRLS (Can't turn me down)
24%
No matching quizzes found
Score Distribution
Percent of People with Each Score
Percentile by Number Answered
Your Score History
You have not taken this quiz since the last reset